000 00707nam a2200157 a 4500
008 130801s2004 ||||||||||||||||| || u
050 _aCOMESA(02)
110 _aCommon Market for Eastern and Southern Africa (COMESA)
245 1 0 _aCOMESA: information and communication bill
_cby Common Market for Eastern and Southern Africa [COMESA]
260 _aLusaka:
_bCommon Market for Eastern and Southern Africa (COMESA)
_c2004
300 _aiv, 51p.
362 1 _a<p>July 2004</p>
650 _aCOMESA--INFORMATION AND COMMUNICATION BILL
650 _aICTs BILL--COMESA
995 _FCBU-MAIN LIBRARY (Kitwe)
_M1
_UAVAILABLE
_WAug 8, 2013
_ZInternational Publications
999 _c37763
_d37763